| 000 | 00000nam 2200000zi 4500 |
| 001 | 9.922037 |
| 003 | CaOODSP |
| 005 | 20230428091703 |
| 006 | m o d f |
| 007 | cr bn||||||||| |
| 008 | 230428s2023 onc ol f000 0 eng d |
| 040 | |aCaOODSP|beng|erda|cCaOODSP |
| 041 | 0 |aeng|afre |
| 043 | |an-cn---|an-cn-on |
| 086 | 1 |aXB441-248/3-PDF |
| 110 | 1 |aCanada. |bParliament. |bHouse of Commons, |eissuing body. |
| 245 | 13|aAn Act to amend the Canada National Parks Act (Ojibway National Urban Park of Canada) = |bLoi modifiant la Loi sur les parcs nationaux du Canada (parc urbain national Ojibway du Canada). |
| 246 | 31|aLoi modifiant la Loi sur les parcs nationaux du Canada (parc urbain national Ojibway du Canada) |
| 264 | 1|a[Ottawa] : |bHouse of Commons of Canada = Chambre des communes du Canada, |c2023. |
| 300 | |a1 online resource (ii, 22 pages). |
| 336 | |atext|btxt|2rdacontent |
| 337 | |acomputer|bc|2rdamedia |
| 338 | |aonline resource|bcr|2rdacarrier |
| 490 | 1 |aBill C-... ; |vBill C-248, 1st session, 44th Parliament |
| 500 | |aCover title. |
| 500 | |a"As passed by the House of Commons April 26, 2023." |
| 520 | |a"This enactment amends the Canada National Parks Act to establish Ojibway National Urban Park of Canada"--Summary, page ii. |
| 546 | |aText in English and French. |
| 610 | 10|aCanada. |tCanada National Parks Act. |
| 650 | 0|aNational parks and reserves|xLaw and legislation|zCanada. |
| 650 | 0|aNational parks and reserves|xLaw and legislation|zOntario. |
| 655 | 7|aLegislative bills|2lcgft |
| 792 | |tAn Act to amend the Canada National Parks Act (Ojibway National Urban Park of Canada) = |efre|w(CaOODSP)9.922038 |
| 830 | #0|aBill C-...|vBill C-248, 1st session, 44th Parliament.|w(CaOODSP)9.500659 |
| 856 | 40|qPDF|s252 KB|uhttps://publications.gc.ca/collections/collection_2023/parl/XB441-248-3.pdf |
| 856 | 4 |qHTML|sN/A|uhttps://www.parl.ca/DocumentViewer/en/44-1/bill/C-248/third-reading |
| 986 | |a441127 |